|
|
|
|
| LEADER |
00000cam a2200000 a 4500 |
| 001 |
vtls001394206 |
| 003 |
SK-MaSNL |
| 005 |
20260301161702.0 |
| 008 |
231120s1998 xo fr 10000 slo |
| 015 |
|
|
|a SNBA2001/09-03024
|
| 020 |
|
|
|a 8071390453
|
| 035 |
|
|
|a SNK000348530
|
| 035 |
|
|
|a urn:nbn:sk:snk-amjrhb
|
| 035 |
|
|
|a urn:nbn:sk:snk:ar-008y5a
|
| 035 |
|
|
|a 37685654-038f-493a-97f6-aef57ad061d5
|
| 040 |
|
|
|a SNK
|b slo
|c SNK
|e AACR2
|
| 041 |
0 |
|
|a slo
|
| 044 |
|
|
|a xo
|c SK
|
| 080 |
|
|
|a 636.4.03(082)
|2 1981
|
| 080 |
|
|
|a 637.514:636.4(082)
|2 1981
|
| 111 |
2 |
|
|a Biologické a technologické predpoklady produkcie kvalitného bravčového mäsa
|n (8. :
|d 1998 :
|c Nitra, Slovensko)
|4 aut
|9 525060
|
| 245 |
1 |
0 |
|a Biologické a technologické predpoklady produkcie kvalitného bravčového mäsa
|b [zborník z 8. medzinárodnej vedeckej konferencie ošípaných] Nitra, 18.8.1998
|c [spracoval: Miloslav Piktor]
|
| 260 |
|
|
|a Nitra
|b Agroinštitút
|c 1998
|
| 300 |
|
|
|a [64] s.
|b sch., tab.
|c 20 cm
|
| 500 |
|
|
|a Obalový názov
|
| 500 |
|
|
|a 300 výt.
|
| 650 |
0 |
7 |
|a ošípané
|2 SNKPH
|9 2795
|
| 650 |
0 |
7 |
|a chov ošípaných
|2 SNKPH
|9 51877
|
| 650 |
0 |
7 |
|a kvalita mäsa
|2 SNKPH
|9 450513
|
| 655 |
|
7 |
|a zborníky konferencií
|2 SNKPH
|9 70153
|
| 655 |
|
7 |
|a issue_zb
|2 SNK
|9 276493
|
| 700 |
1 |
|
|a Piktor, Miloslav
|4 com
|9 46304
|
| 919 |
|
|
|a 80-7139-045-3
|
| 954 |
|
|
|a odborná, vedecká literatúra pôvodná (slovenská)
|2 lita
|
| 958 |
|
|
|a OND
|
| 958 |
|
|
|a ART
|
| 958 |
|
|
|a TL
|
| 958 |
|
|
|a EUIPO
|
| 999 |
|
|
|c 810441
|d 812371
|
| 952 |
|
|
|t P60, <03>, [BOOK], {603}
|a SNK
|b SNK
|y PREZ
|7 0
|p 17A0247931
|o snkSC 102489
|i snkKSP 8403/2000
|0 0
|1 0
|4 0
|d 2000-08-16
|l 0
|r 2025-09-24 00:00:00
|w 2026-02-24
|
| 952 |
|
|
|t P60, <04>, [BOOK], {604}
|a SNK
|b SNK
|y VYP
|7 0
|p 17A0247932
|o snkSC 102489 D1
|i snkKSP 8404/2000
|0 0
|1 0
|4 0
|d 2000-08-16
|l 0
|r 2005-01-02 00:00:00
|w 2026-02-24
|